| 000 | 01083nmm a2200313 a 4500 | ||
|---|---|---|---|
| 001 | ocm0002347974 | ||
| 003 | TR-IsHL | ||
| 005 | 20201028185244.0 | ||
| 008 | 190905s2019 tu tur | ||
| 007 | cr cn | ||
| 020 | _a9786054977826 | ||
| 035 |
_a2347974 _b(N$T) |
||
| 050 | 0 | 4 |
_aPR6045.O72 _bZ4719 2019 |
| 090 | 0 | 4 |
_aPR6045.O72 _bZ4719 2019 |
| 100 | 1 | _aWoolf, Virginia | |
| 245 | 1 | 0 |
_aKendine ait bir oda _h[electronic resource] / _cVirginia Woolf ; çeviren Leyla Yıldırım, editör Nesli Yalçın |
| 250 | _a2. Baskı | ||
| 260 |
_aİstanbul : _bİlgi Kültür Sanat Yayıncılık , _c2019 |
||
| 300 | _a160 p. | ||
| 500 | _aözgün adı: A Room of one's own | ||
| 650 | 4 | _aDil ve Edebiyat | |
| 650 | 4 | _aLanguage and Literature | |
| 650 | 0 | _aİngiliz denemeleri | |
| 650 | 0 | _aEnglish essays | |
| 650 | 7 |
_aLITERARY COLLECTIONS / European / English, Irish, Scottish, Welsh _2bisacsh |
|
| 700 | 1 | _aYıldırım, Leyla | |
| 700 | 1 | _aYalçın, Nesli | |
| 856 | 4 | 0 | _uhttp://search.ebscohost.com/login.aspx?direct=true&scope=site&db=e011xww&AN=2347974 |
| 999 |
_c21381 _d21381 |
||